Govt. of
Madhya Pradesh

The Natural History of Animals (Record no. 38069)

MARC details
000 -LEADER
fixed length control field 005120000a22001690004500
003 - CONTROL NUMBER IDENTIFIER
control field MACL
005 - DATE AND TIME OF LATEST TRANSACTION
control field 20160102132140.0
008 - FIXED-LENGTH DATA ELEMENTS--GENERAL INFORMATION
fixed length control field 160102b xxu||||| |||| 00| 0 eng d
040 ## - CATALOGING SOURCE
Original cataloging agency MACL
Transcribing agency MACL
041 ## - LANGUAGE CODE
Language code of text/sound track or separate title English
082 ## - DEWEY DECIMAL CLASSIFICATION NUMBER
Classification number 590/DAV
100 ## - MAIN ENTRY--PERSONAL NAME
Personal name Davis, J R Ainsworth
9 (RLIN) 27056
245 ## - TITLE STATEMENT
Title The Natural History of Animals
Remainder of title The Animal Life Of The World In Its Various Aspects and Relations vol 6
260 ## - PUBLICATION, DISTRIBUTION, ETC. (IMPRINT)
Name of publisher, distributor, etc. The Gresham Publishing Company
Place of publication, distribution, etc. London
650 ## - SUBJECT ADDED ENTRY--TOPICAL TERM
Topical term or geographic name as entry element Animals
9 (RLIN) 27057
942 ## - ADDED ENTRY ELEMENTS (KOHA)
Koha item type Books
Call number prefix 590/DAV
Source of classification or shelving scheme
Holdings
Withdrawn status Lost status Source of classification or shelving scheme Damaged status Not for loan Home library Current library Date acquired Total Checkouts Full call number Barcode Date last seen Uniform Resource Identifier Price effective from Koha item type
          MACL MACL 15/04/2015   590/DAV CLE002563 29/04/2015 38285 15/04/2015 Books